000 00686nam a2200289Ia 4500
005 20260324125529.0
008 008 260324s9999 xx 000 0 eng d
020 _a9781315131405
037 _aEBOOK
040 _aCRL
040 _beng
040 _cCRL
041 _2eng
041 _aeng
084 _qCRL
100 _aMurray Weidenbaum
_91178322
245 4 _aThe Competition of Ideas
245 4 _bThe World of the Washington Think Tanks
260 _bTaylor and Francis
260 _c2009
365 _a
365 _b170
856 _uhttp://www.taylorfrancis.com/books/9781315131405
942 _cEBOOK
999 _c1773691
_d1773691